Online
Catalog

Protestas, interrogantes y agonías en la obra de Rima de Vallbona / (Record no. 2650)

MARC details
000 -CABECERA
campo de control de longitud fija 01077cam a2200253 a 4500
001 - NÚMERO DE CONTROL
campo de control 000002816
005 - FECHA Y HORA DE LA ÚLTIMA TRANSACCIÓN
campo de control 20200929150250.0
008 - DATOS DE LONGITUD FIJA--INFORMACIÓN GENERAL
campo de control de longitud fija 971114s1997 cr b 001 0 spa
020 ## - NÚMERO INTERNACIONAL ESTÁNDAR DEL LIBRO
Número Internacional Estándar del Libro 9968984604
040 ## - FUENTE DE LA CATALOGACIÓN
Centro catalogador/agencia de origen DO-SdBNP
Lengua de catalogación spa
Centro/agencia transcriptor BNPHU
082 ## - NÚMERO DE LA CLASIFICACIÓN DECIMAL DEWEY
Número de clasificación Cr801.953
Número de documento/Ítem P967i
245 00 - MENCIÓN DE TÍTULO
Título Protestas, interrogantes y agonías en la obra de Rima de Vallbona /
Mención de responsabilidad, etc. Juana Alcira Arancibia, Luis A. Jimémez, editores.
260 ## - PUBLICACIÓN, DISTRIBUCIÓN, ETC.
Lugar de publicación, distribución, etc. Westminster, CA :
Nombre del editor, distribuidor, etc. Instituto Literario y Cultural Hispánico ;
Lugar de publicación, distribución, etc. San José, Costa Rica :
Nombre del editor, distribuidor, etc. Perro Azul,
Fecha de publicación, distribución, etc. 1997.
300 ## - DESCRIPCIÓN FÍSICA
Extensión 434 p. ;
Dimensiones 22 cm.
490 1# - MENCIÓN DE SERIE
Mención de serie La mujer en la literatura hispánica ;
Designación de volumen o secuencia v. 3
504 ## - NOTA DE BIBLIOGRAFÍA, ETC.
Nota de bibliografía, etc. "Bibliografía de y sobre Rima de Vallbona / Luis A. Jiménez": p. 411-432.
600 14 - PUNTO DE ACCESO ADICIONAL DE MATERIA--NOMBRE DE PERSONA
Nombre de persona ROTHE DE VALLBONA, RIMA GRETCHEN
Fechas asociadas al nombre 1931-
Subdivisión general CRÍTICA E INTERPRETACIÓN
9 (RLIN) 8898
650 #4 - PUNTO DE ACCESO ADICIONAL DE MATERIA--TÉRMINO DE MATERIA
Término de materia o nombre geográfico como elemento de entrada Mujeres en la literatura
9 (RLIN) 1388
650 #4 - PUNTO DE ACCESO ADICIONAL DE MATERIA--TÉRMINO DE MATERIA
Término de materia o nombre geográfico como elemento de entrada Literatura costarrinsense
9 (RLIN) 8899
700 1# - PUNTO DE ACCESO ADICIONAL--NOMBRE DE PERSONA
Nombre de persona Arancibia, Juana Alcira
Término indicativo de función/relación ed.
9 (RLIN) 8900
700 1# - PUNTO DE ACCESO ADICIONAL--NOMBRE DE PERSONA
Nombre de persona Jiménez, Luis A.
Término indicativo de función/relación ed.
9 (RLIN) 8901
830 #3 - PUNTO DE ACCESO ADICIONAL DE SERIE-TÍTULO UNIFORME
Título uniforme La mujer en la literatura hispánica ;
Designación de volumen o secuencia v. 3
9 (RLIN) 8902
910 ## - DATOS DE OPCIÓN DEL USUARIO (OCLC)
Datos de opción del usuario En proceso
Holdings
Estado de retiro Estado de pérdida Restricciones de uso No para préstamo Código de colección Localización permanente Ubicación/localización actual Ubicación en estantería Fecha de adquisición Número de inventario Total de préstamos Signatura topográfica completa Código de barras Fecha visto por última vez Precio válido a partir de Tipo de ítem Koha Número de copia
    Préstamo interno   Monografías: Libros y Folletos General General En catalogación 03.07.2009 LF1   Cr801.953 P967i 2816-10 25.06.2020 25.06.2020 Préstamo interno  
    Préstamo restringido Préstamo restrigido Monografías: Libros y Folletos General General En catalogación 07.09.2009 LF1   Cr801.953 P967i 2816-20 25.06.2020 25.06.2020 Préstamo interno e. 2
    Préstamo interno   Monografías: Libros y Folletos General General En catalogación 07.09.2009 LF1   Cr801.953 P967i 2816-30 25.06.2020 25.06.2020 Préstamo interno e. 3

Powered by Koha